Granivorous birds in ecosystems: (Record no. 162550)

MARC details
000 -LEADER
fixed length control field 00600nam a22001937a 4500
003 - CONTROL NUMBER IDENTIFIER
control field OSt
020 ## - INTERNATIONAL STANDARD BOOK NUMBER
International Standard Book Number 0521215048
082 ## - DEWEY DECIMAL CLASSIFICATION NUMBER
Classification number 598.25
Item number PIN/GR
245 ## - TITLE STATEMENT
Title Granivorous birds in ecosystems:
Remainder of title their evolution, populations, energetics, adaptations, impact and control
260 ## - PUBLICATION, DISTRIBUTION, ETC. (IMPRINT)
Place of publication, distribution, etc London
Name of publisher, distributor, etc Cambridge university press
Date of publication, distribution, etc 1977
300 ## - PHYSICAL DESCRIPTION
Extent 431p.
440 ## - SERIES TITLE
Title International Biological Programme
Volume Number V.12
546 ## - LANGUAGE
Language note English
650 ## - SUBJECT ADDED ENTRY--TOPICAL TERM
Topical term or geographic name as entry element Variation and evolution in a granivorous bird
650 ## - SUBJECT ADDED ENTRY--TOPICAL TERM
Topical term or geographic name as entry element Avian energetics
700 ## - ADDED ENTRY--PERSONAL NAME
Personal name Pinowski, Jan
700 ## - ADDED ENTRY--PERSONAL NAME
Personal name Kendiegh, S Charles
942 ## - ADDED ENTRY ELEMENTS (KOHA)
Source of classification or shelving scheme Dewey Decimal Classification
Koha item type Books (General)
Holdings
Lost status Source of classification or shelving scheme Damaged status Not for loan Collection code Home library Current library Shelving location Date acquired Total Checkouts Full call number Barcode Date last seen Koha item type Public note
  Dewey Decimal Classification     General KAU Central Library, Thrissur KAU Central Library, Thrissur General 12/11/2018   598.25 PIN/GR 906412 12/11/2018 Books (General) Book transferred from CoH Library, Acc.No: 4628
Kerala Agricultural University Central Library
Thrissur-(Dt.), Kerala Pin:- 680656, India
Ph : (+91)(487) 2372219
E-mail: librarian@kau.in
Website: http://library.kau.in/